Time Idioms - Statistics

General Stats
  • This quiz has been taken 82,460 times
  • The average score is 19 of 24
Answer Stats
Idiom % Correct
Better late than {never}
99%
In the blink of an {eye}
99%
Never in a million {years}
95%
Here today, gone {tomorrow}
93%
Once in a blue {moon}
93%
Racing against the {clock}
92%
At the crack of {dawn}
90%
At the eleventh {hour}
90%
I wasn't born {yesterday}
90%
Make up for {lost} time
90%
Time {flies} when you're having fun
90%
Just in the {nick} of time
87%
Spur of the {moment}
85%
There's no time like the {present}
81%
One's {days} are numbered
80%
When hell {freezes} over
76%
At the stroke of {midnight}
71%
Thank goodness it's {Friday}
71%
Living on {borrowed} time
70%
Stand the {test} of time
70%
Dwell on the {past}
68%
Time waits for no {man}
67%
Came down to the {wire}
52%
A {stitch} in time saves nine
38%
No matching quizzes found
Score Distribution
Percent of People with Each Score
Percentile by Number Answered
Your Score History
You have not taken this quiz